Pre jedného odpad, pre druhého bohatstvo : Dolárová injekcia vyburcovala k aktivite

Podrobná bibliografia
Hlavný autor: Malák, Ladislav (Author)
Médium: Článok
Jazyk:Slovak
Témy:
Zdroj: 1. Lúč 1. Roč. 8, č. 73(1999), dát. 0329, s. 5
LEADER 00795nab#a2200277#ar4500
001 000020003
003 SVKKK
005 00000000000000.0
008 c xo e sloo
FMT
038 |a SVKKK 
040 |a SVKKK  |b slo  |e AACR2 
041 0 |a slo 
044 |a xo  |c SK 
080 |a 628.  |2 1981 
100 1 |a Malák, Ladislav  |4 aut 
245 1 0 |a Pre jedného odpad, pre druhého bohatstvo :  |b Dolárová injekcia vyburcovala k aktivite  |c Malák Ladislav, 
650 0 4 |a odpad komunálny  |x zber  |z Turňa nad Bodvou (KS)  |x projekt inovačný  |x ocenenie  |x realizácia  |x reportáže 
773 0 |t Lúč  |g Roč. 8, č. 73(1999), dát. 0329, s. 5 
957 |a Turňa nad Bodvou 
958 |a KS 
974 |d 990512  |a Čr 
992 |a RBX 
BAS
852 |a SVKKK  |b BIB 
998 |a REG